00454nam a2200133Ia 4500082001200000100001700012245016300029260000600192300001500198650003000213650002300243650002000266710003400286 aRK.012; aKhanna, B.S. 0aRural development policies & programmes and their administration in Nepal since the middle of seventies with particular reference to rural poverty alleviation c0 a179p.+tabs aRURAL DEVELOPMENT - NEPAL aRURAL POOR - NEPAL aPOVERTY - NEPAL aPanjab University, Chandigarh